Satunnaisia yhdistettyjä Afrikan valtioita kartalla - Statistics

Yleistilastot
  • Tätä visaa on pelattu 1 056 kertaa
  • Keskiarvotulos 10 / 12
Vastaukset kartalla
Vastauksille on annettu kartalla punavihreä väri sen mukaan, kuinka moni on saanut sen oikein.
 
Vastaustilastot
Ryhmän nimi Valtio % Oikein
Yhdistetyt valtiot Algeria
100%
Yhdistetyt valtiot Algeria
100%
Yhdistetyt valtiot Kongon dem. tasavalta
100%
Yhdistetyt valtiot Libya
100%
Yhdistetyt valtiot Libya
100%
Yhdistetyt valtiot Algeria
98%
Yhdistetyt valtiot Egypti
98%
Yhdistetyt valtiot Etelä-Afrikka
98%
Yhdistetyt valtiot Etelä-Sudan
98%
Yhdistetyt valtiot Etiopia
98%
Yhdistetyt valtiot Kenia
98%
Yhdistetyt valtiot Kongon dem. tasavalta
98%
Yhdistetyt valtiot Libya
98%
Yhdistetyt valtiot Libya
98%
Yhdistetyt valtiot Mali
98%
Yhdistetyt valtiot Mosambik
98%
Yhdistetyt valtiot Niger
98%
Yhdistetyt valtiot Niger
98%
Yhdistetyt valtiot Sudan
98%
Yhdistetyt valtiot Sudan
98%
Yhdistetyt valtiot Sudan
98%
Yhdistetyt valtiot Mali
97%
Yhdistetyt valtiot Niger
97%
Yhdistetyt valtiot Algeria
96%
Yhdistetyt valtiot Algeria
96%
Yhdistetyt valtiot Egypti
96%
Yhdistetyt valtiot Kongon dem. tasavalta
96%
Yhdistetyt valtiot Mali
96%
Yhdistetyt valtiot Mauritania
96%
Yhdistetyt valtiot Niger
96%
Yhdistetyt valtiot Niger
96%
Yhdistetyt valtiot Tansania
96%
Yhdistetyt valtiot Angola
95%
Yhdistetyt valtiot Kongon dem. tasavalta
95%
Yhdistetyt valtiot Kongon tasavalta
95%
Yhdistetyt valtiot Mali
95%
Yhdistetyt valtiot Marokko
95%
Yhdistetyt valtiot Marokko
95%
Yhdistetyt valtiot Mauritania
95%
Yhdistetyt valtiot Sambia
95%
Yhdistetyt valtiot Sudan
95%
Yhdistetyt valtiot Sudan
95%
Yhdistetyt valtiot Tansania
95%
Yhdistetyt valtiot Kongon dem. tasavalta
94%
Yhdistetyt valtiot Kongon tasavalta
94%
Yhdistetyt valtiot Kongon tasavalta
94%
Yhdistetyt valtiot Sudan
94%
Yhdistetyt valtiot Etiopia
93%
Yhdistetyt valtiot Kenia
93%
Yhdistetyt valtiot Libya
93%
Yhdistetyt valtiot Mauritania
93%
Yhdistetyt valtiot Namibia
93%
Yhdistetyt valtiot Namibia
93%
Yhdistetyt valtiot Nigeria
93%
Yhdistetyt valtiot Sambia
93%
Yhdistetyt valtiot Sambia
93%
Yhdistetyt valtiot Somalia
93%
Yhdistetyt valtiot Somalia
93%
Yhdistetyt valtiot Tšad
93%
Yhdistetyt valtiot Mosambik
92%
Yhdistetyt valtiot Etiopia
91%
Yhdistetyt valtiot Keski-Afrikan tasavalta
91%
Yhdistetyt valtiot Keski-Afrikan tasavalta
91%
Yhdistetyt valtiot Nigeria
91%
Yhdistetyt valtiot Tšad
91%
Yhdistetyt valtiot Tšad
91%
Yhdistetyt valtiot Angola
90%
Yhdistetyt valtiot Botswana
90%
Yhdistetyt valtiot Keski-Afrikan tasavalta
90%
Yhdistetyt valtiot Kongon dem. tasavalta
90%
Yhdistetyt valtiot Kongon tasavalta
90%
Yhdistetyt valtiot Mali
90%
Yhdistetyt valtiot Namibia
90%
Yhdistetyt valtiot Botswana
89%
Yhdistetyt valtiot Etelä-Afrikka
89%
Yhdistetyt valtiot Etelä-Afrikka
89%
Yhdistetyt valtiot Etiopia
89%
Yhdistetyt valtiot Sudan
89%
Yhdistetyt valtiot Etelä-Sudan
88%
Yhdistetyt valtiot Mosambik
88%
Yhdistetyt valtiot Tšad
88%
Yhdistetyt valtiot Etelä-Afrikka
87%
Yhdistetyt valtiot Tšad
87%
Yhdistetyt valtiot Zimbabwe
87%
Yhdistetyt valtiot Libya
86%
Yhdistetyt valtiot Norsunluurannikko
86%
Yhdistetyt valtiot Angola
85%
Yhdistetyt valtiot Etelä-Sudan
85%
Yhdistetyt valtiot Keski-Afrikan tasavalta
85%
Yhdistetyt valtiot Benin
84%
Yhdistetyt valtiot Etelä-Sudan
84%
Yhdistetyt valtiot Guinea
84%
Yhdistetyt valtiot Kamerun
84%
Yhdistetyt valtiot Kenia
84%
Yhdistetyt valtiot Kenia
84%
Yhdistetyt valtiot Keski-Afrikan tasavalta
84%
Yhdistetyt valtiot Lesotho
84%
Yhdistetyt valtiot Mosambik
84%
Yhdistetyt valtiot Tunisia
84%
Yhdistetyt valtiot Guinea
83%
Yhdistetyt valtiot Nigeria
83%
Yhdistetyt valtiot Uganda
83%
Yhdistetyt valtiot Uganda
83%
Yhdistetyt valtiot Botswana
82%
Yhdistetyt valtiot Etelä-Sudan
82%
Yhdistetyt valtiot Mali
82%
Yhdistetyt valtiot Burkina Faso
81%
Yhdistetyt valtiot Niger
81%
Yhdistetyt valtiot Eritrea
80%
Yhdistetyt valtiot Gabon
80%
Yhdistetyt valtiot Keski-Afrikan tasavalta
80%
Yhdistetyt valtiot Liberia
80%
Yhdistetyt valtiot Mali
80%
Yhdistetyt valtiot Togo
79%
Yhdistetyt valtiot Burkina Faso
78%
Yhdistetyt valtiot Ghana
78%
Yhdistetyt valtiot Kamerun
78%
Yhdistetyt valtiot Liberia
78%
Yhdistetyt valtiot Uganda
78%
Yhdistetyt valtiot Zimbabwe
78%
Yhdistetyt valtiot Algeria
77%
Yhdistetyt valtiot Burkina Faso
77%
Yhdistetyt valtiot Ghana
77%
Yhdistetyt valtiot Guinea
77%
Yhdistetyt valtiot Guinea
77%
Yhdistetyt valtiot Kamerun
77%
Yhdistetyt valtiot Norsunluurannikko
77%
Yhdistetyt valtiot Senegal
77%
Yhdistetyt valtiot Senegal
77%
Yhdistetyt valtiot Mauritania
76%
Yhdistetyt valtiot Norsunluurannikko
76%
Yhdistetyt valtiot Benin
75%
Yhdistetyt valtiot Sambia
75%
Yhdistetyt valtiot Zimbabwe
75%
Yhdistetyt valtiot Mosambik
74%
Yhdistetyt valtiot Senegal
74%
Yhdistetyt valtiot Tunisia
74%
Yhdistetyt valtiot Norsunluurannikko
73%
Yhdistetyt valtiot Kamerun
71%
Yhdistetyt valtiot Etiopia
70%
Yhdistetyt valtiot Ghana
70%
Yhdistetyt valtiot Guinea
70%
Yhdistetyt valtiot Norsunluurannikko
70%
Yhdistetyt valtiot Liberia
69%
Yhdistetyt valtiot Malawi
69%
Yhdistetyt valtiot Eritrea
68%
Yhdistetyt valtiot Burkina Faso
67%
Yhdistetyt valtiot Togo
67%
Yhdistetyt valtiot Sierra Leone
65%
Yhdistetyt valtiot Sierra Leone
63%
Ehtoja vastaavia visoja ei löytynyt
Tulosjakauma
Jokaisen tuloksen saaneiden osuus
Persentiili vastausten määrän mukaan
Tuloshistoriasi
Et ole pelannut tätä visaa